000 00868cam a2200205 4500
001 ABS61281
008 000000n1999 000 0 eng u
035 _a(Sirsi) u101907
100 _aDetweiler, J.
245 _aComputer assisted real estate appraisal: a tool for the practising appraiser.
260 _c1999
490 _aAppraisal Journal
_v67(3) July 1999, 280-286(7)
520 _aDiscusses the authors' computer assisted real estate appraisal system (CAREAS), responding to feedback from an earlier article. The particular system is based on residential & agricultural data from three counties in Oregon, and is only relevant in those areas. Explains how the models were developed.
650 _aAPPRAISAL
650 _aRESIDENTIAL VALUATION
650 _aSOFTWARE PACKAGES
690 _aRATING AND VALUATION
700 _aRadigan, R.
942 _n0
999 _c61005
_d61005